| 000 | 00516nam a2200169 4500 | ||
|---|---|---|---|
| 001 | 121298 | ||
| 003 | ES-MaACL | ||
| 005 | 20230906191728.0 | ||
| 007 | t| | ||
| 008 | 070214s1966 sp r ||||1| spa d | ||
| 100 | 1 |
_aPriestley, J. B. _993870 |
|
| 245 | 1 | 3 |
_aEl Hombre y el Tiempo / _cJ. B. Priestley ; traducción por Juan García Puente. |
| 260 |
_aMadrid : _bAguilar, _c1966. |
||
| 300 |
_a319 p., 10 lám. : _bil. ; _c28 cm. |
||
| 700 | 1 |
_aGarcía-Puente, Juan. _955139 |
|
| 852 |
_aES-MaACL _jC-31479 _bR.61696 |
||
| 999 |
_c121298 _d121298 |
||